000 00764nam a22002177a 4500
003 LK-CoDNM
005 20241105122618.0
008 241015b |||||||| |||| 00| 0 eng d
040 _aLK-CoDNM
_dLK-CoDNM
_eLK-CoDNM
041 _asin
080 _aප්‍ර.ස
_b114.B
245 _aසිරි නැණිදු දහම් මාලා-1954
_b1 කාණ්ඩය 12 කලාපය
260 _c1954
_aකොළඹ
_bසමයවරධන මුද්‍රණාලය
300 _b4p. ; 24 cm
650 _aසිරි නැණිදු දහම් මාලා-1954
650 _a1 කාණ්ඩය 12 කලාපය
650 _aමාසික සගරාව
650 _aප්‍ර.ස 114.B
650 _a1954
942 _cBK
999 _c226880
_d226880